| 000 | 00555nam a2200193Ia 4500 | ||
|---|---|---|---|
| 008 | 151121s9999||||xx |||||||||||||| ||und|| | ||
| 082 | _a833/मित्र | ||
| 082 | _bHNW-37300 | ||
| 100 | _aमित्र विमल | ||
| 245 | _aसुरसतिया | ||
| 260 | _b"शब्दकार, दिल्ली।" | ||
| 260 | _c-- | ||
| 300 | _a128 | ||
| 600 | _aमित्र विमल | ||
| 630 | _aसुरसतिया | ||
| 700 | _aमित्र विमल | ||
| 730 | _aसुरसतिया | ||
| 942 | _cBOOK | ||
| 999 |
_c1228786 _d1228783 |
||